| 000 | 00477nam a2200193Ia 4500 | ||
|---|---|---|---|
| 003 | OSt | ||
| 005 | 20250808151713.0 | ||
| 008 | 250729s2006 xx 000 0 und d | ||
| 020 | _a978-8184110388 | ||
| 040 | _cAL | ||
| 041 | _aeng | ||
| 082 | _a910.7 MADT | ||
| 100 |
_alakshmi V V _9221139 |
||
| 245 | _aTeachniues of teaching music | ||
| 260 |
_aNew Delhi _bOrbis Books Sonali Publication _c2006 |
||
| 300 | _a187p | ||
| 650 |
_aGeography _9221140 |
||
| 942 |
_2ddc _cBED |
||
| 999 |
_c234871 _d234871 |
||